[Event "7th CHN-RUS Rapid"]
[Site "Ningbo CHN"]
[Date "2010.08.11"]
[Round "4"]
[White "Bu Xiangzhi"]
[Black "Potkin,V"]
[Result "1-0"]
[WhiteElo "2676"]
[BlackElo "2626"]

1.Nf3 d5 2.g3 Nf6 3.Bg2 c6 4.O-O Bf5 5.d3 e6 6.Nbd2 h6 7.b3 Be7 8.Bb2 O-O
9.c4 Nbd7 10.a3 a5 11.Rc1 Re8 12.Rc2 Bf8 13.Qa1 Bh7 14.Ne5 Nxe5 15.Bxe5 Nd7
16.Bb2 Qb6 17.h3 Rad8 18.Kh2 Bg6 19.f4 f6 20.Bd4 Bc5 21.Bc3 Be3 22.Qa2 Ra8
23.b4 axb4 24.Bxb4 Bf7 25.Rb1 Qa7 26.Nf1 Bd4 27.Bd6 Bg1+ 28.Kh1 Bc5 29.Bxc5 Nxc5
30.Qb2 dxc4 31.d4 Nb3 32.Rxc4 e5 33.Rb4 Nxd4 34.fxe5 fxe5 35.Rxb7 Qxa3 36.e3 Nf5
37.Bxc6 Qxb2 38.R7xb2 Kh7 39.Bxe8 Bxe8 40.Kh2 Bc6 41.Rc1 Be4 42.g4 Nh4 43.Kg3 Nf3
44.Rb4 Ng1 45.Rc7 Bd3 46.Nd2 Ne2+ 47.Kh4 Ra6 48.Rbb7 Rg6 49.Nf3 Be4 50.Nxe5 Rg5
51.Nf7 Ra5 52.Ra7 Rd5 53.g5 Bg6 54.Nxh6  1-0

[Event "Open"]
[Site "Olomouc CZE"]
[Date "2010.08.11"]
[Round "8"]
[White "Suder,R"]
[Black "Juptner,J"]
[Result "1/2-1/2"]
[WhiteElo "2210"]
[BlackElo "2383"]

1.Nf3 d5 2.g3 c6 3.Bg2 Bg4 4.b3 Nd7 5.Bb2 Ngf6 6.O-O e6 7.d3 Bc5 8.Nbd2 Qe7
9.h3 Bh5 10.e4 O-O 11.Qe1 Ba3 12.Bxa3 Qxa3 13.e5 Ne8 14.Qc1 Qe7 15.Qe1 a5
16.a4 Nc7 17.Qe3 Na6 18.Nd4 f6 19.exf6 Rxf6 20.g4 Bg6 21.f4 Qd6 22.g5 Rf7
23.Qxe6 Qc5 24.Qe3 Nb4 25.Rac1 Raf8 26.f5 Bxf5 27.Rxf5 Rxf5 28.Nxf5 Rxf5
29.Qxc5 Nxc5 30.Nf3 Ne6 31.h4 Nf4 32.Kh2 c5 33.d4 Ne2 34.Rd1 Nc3 35.Re1 b6
36.Re3 Nd1 37.Re1 Nc3 38.Re3 Nd1 39.Re1 Nc3  1/2-1/2

[Event "Ramadan Master Open"]
[Site "Abu Dhabi UAE"]
[Date "2010.08.12"]
[Round "1"]
[White "AlHuwar,J"]
[Black "Malakhatko,V"]
[Result "1-0"]
[WhiteElo "2311"]
[BlackElo "2576"]

1.Nf3 d5 2.g3 Bg4 3.Bg2 Nd7 4.c4 e6 5.cxd5 exd5 6.O-O c6 7.h3 Bh5 8.d3 Bc5
9.Nc3 Ne7 10.e4 dxe4 11.dxe4 O-O 12.Na4 Bb6 13.Nxb6 axb6 14.Qc2 Re8 15.Rd1 Qc7
16.Bf4 Qc8 17.g4 Bg6 18.Nh4 c5 19.Be3 f6 20.Nxg6 Nxg6 21.f4 Qc7 22.Qd2 Re7
23.Qd6 Qxd6 24.Rxd6 Ngf8 25.e5 fxe5 26.Bxb7 Rb8 27.Bd5+ Kh8 28.f5 Nf6 29.Bc6 Ne8
30.Rd2 Rc7 31.Bb5 Rcc8 32.Rad1 Nc7 33.Bf1 Kg8 34.Bc4+ Kh8 35.Bf1 Kg8 36.Bf2 Ra8
37.Re1 Rd8 38.Rxd8 Rxd8 39.Rxe5 Nd7 40.Re1 Nf6 41.Bc4+ Kh8 42.Bg3 Ncd5 43.Rd1 h6
44.a4 Rd7 45.Re1 Nb4 46.Bh4 Nd3 47.Rd1 Nxb2 48.Rxd7 Nxd7 49.Bd5 Nf6 50.Bc6 c4
51.Be1 Nd3 52.Kf1 Nf4 53.Bf2 N6d5 54.Bxd5 Nxd5 55.Bd4 Kg8 56.Ke2 Kf7 57.Kf3 c3
58.Ke2 Nf4+ 59.Kd1 Nd3 60.Kc2 Nb2 61.Bxb6 Nxa4 62.Bd4 h5 63.g5 g6 64.f6 Ke6
65.Kb3 Nb2 66.Kxc3  1-0

[Event "49th WJun"]
[Site "Chotowa POL"]
[Date "2010.08.12"]
[Round "9"]
[White "Anwesh,U"]
[Black "Lalith,B"]
[Result "0-1"]
[WhiteElo "2412"]
[BlackElo "2502"]

1.g3 d5 2.Nf3 Bg4 3.Bg2 Nd7 4.d4 e6 5.O-O b5 6.Nbd2 Ngf6 7.Re1 Be7 8.e4 O-O
9.Qe2 b4 10.h3 Bh5 11.exd5 Nxd5 12.Nc4 c5 13.g4 Bg6 14.Nfe5 Nxe5 15.dxe5 Qc7
16.f4 Rad8 17.Rf1 f5 18.exf6 Bxf6 19.Ne5 Bxe5 20.fxe5 Rxf1+ 21.Bxf1 c4 22.Bg5 Rf8
23.Re1 c3 24.bxc3 Qxc3 25.Bg2 h6 26.Bc1 Bxc2 27.Kh1 Bd3 28.Qd2 Nf4 29.Qxc3 bxc3
30.Kh2 c2 31.Be3 Bg6 32.Bf1 Nd5 33.Bc1 Rc8 34.Kg3 Nb4 35.a3 Na2 36.Kf2 Nxc1
37.Rxc1 Rc5  0-1

[Event "XI Miquel Mas Open"]
[Site "Figueres ESP"]
[Date "2010.08.12"]
[Round "2"]
[White "Vidal Zamora,A"]
[Black "Garcia Castany Musellas,G"]
[Result "1-0"]
[WhiteElo "2150"]
[BlackElo "1728"]

1.Nf3 d5 2.g3 Nf6 3.Bg2 c6 4.O-O Bf5 5.d3 e6 6.Nbd2 h6 7.b3 Bd6 8.Bb2 Nbd7
9.e4 Bg4 10.Qe1 Bxf3 11.Nxf3 dxe4 12.dxe4 e5 13.Nh4 O-O 14.Rd1 Qc7 15.c4 Rfd8
16.Nf5 Bf8 17.Qc3 g6 18.Ne3 Bg7 19.c5 b6 20.cxb6 axb6 21.Nc2 Nc5 22.Rxd8+ Qxd8
23.Nb4 Nfxe4 24.Qc2 Ng5 25.h4 Nge6 26.Nxc6 Qe8 27.Bxe5 Bxe5 28.Nxe5 Rd8 29.Ng4 Qf8
30.Nf6+ Kg7 31.Nd5 Rd6 32.Qc3+ f6 33.b4 Nd7 34.Re1 Qd8 35.g4 Ne5 36.Nxf6 Qxf6
37.Qxe5 Qxe5 38.Rxe5 Kf6 39.Rd5 Rc6 40.Rb5 Rd6 41.Rd5 Rc6 42.Rf5+ gxf5 43.Bxc6 fxg4
44.a4 Ke7 45.Kh2 Nd4 46.Be4 Kf6 47.Kg3 h5 48.Bd3 Nc6 49.b5 Nd4 50.Kf4 Ne6+
51.Ke3 Nc5 52.Bc2 Ke5 53.f3 gxf3 54.Kxf3 Ke6 55.Kf4 Kf6 56.Bd1 Nd3+ 57.Ke3 Nb2
58.Bb3 Ke5 59.Kd2 Kd4 60.a5 Kc5 61.a6  1-0

[Event "12th Miquel Mas Open"]
[Site "Figueres ESP"]
[Date "2010.08.12"]
[Round "2"]
[White "Anikaev,Y"]
[Black "Parramon Ros,F"]
[Result "1-0"]
[WhiteElo "2438"]
[BlackElo "2042"]

1.Nf3 d5 2.g3 e6 3.Bg2 f5 4.O-O Nf6 5.d3 Bd6 6.Nbd2 f4 7.e4 fxe3 8.fxe3 O-O
9.Qe2 e5 10.e4 d4 11.Nc4 Nc6 12.a4 a6 13.Nh4 Bg4 14.Bf3 Bh3 15.Rf2 Bc5 16.Bg5 Qd7
17.Bg2 Be6 18.Bxf6 Rxf6 19.Rxf6 gxf6 20.b3 Kh8 21.Rf1 Be7 22.Nf5 Rg8 23.Bh3 Bd8
24.Nd2 Nb4 25.Nf3 Qc6 26.Rf2 b5 27.axb5 axb5 28.N5xd4 exd4 29.Nxd4 Qb6 30.Nxe6 Be7
31.Kg2 Nc6 32.Qh5 Ne5 33.Bf5 Ng6 34.Bxg6 Rxg6 35.Nf4 Rg8 36.Nd5 Qe6 37.Nxc7  1-0

[Event "7th CHN-RUS Rapid"]
[Site "Ningbo CHN"]
[Date "2010.08.12"]
[Round "8"]
[White "Zhou Jianchao"]
[Black "Potkin,V"]
[Result "1/2-1/2"]
[WhiteElo "2668"]
[BlackElo "2626"]

1.Nf3 d5 2.g3 Nf6 3.Bg2 c6 4.O-O Bf5 5.d3 e6 6.Nbd2 Be7 7.Qe1 h6 8.e4 Bh7
9.b3 O-O 10.Bb2 a5 11.a3 Nbd7 12.Nh4 Qb6 13.Kh1 Bc5 14.Qe2 Bd4 15.c3 Bc5
16.f4 Be7 17.c4 dxe4 18.dxe4 Nc5 19.Bd4 Rad8 20.Bg1 Qc7 21.Rad1 Na6 22.Nb1 Rxd1
23.Rxd1 Rd8 24.Rxd8+ Qxd8 25.f5 Nc5 26.Nd2 Qd3 27.Qxd3 Nxd3 28.Bb6 Bxa3 29.Bxa5 Bc5
30.Bf3 g5 31.fxg6 fxg6 32.Be2 Nf2+ 33.Kg2 N2xe4 34.Nxe4 Nxe4 35.Nf3 g5 36.Bd3 Be7
37.Bb6 Nf6 38.Ne5 Bd6 39.Bxh7+ Kxh7 40.Nf7 Be7 41.Bd8 Bf8 42.Bxf6 Kg6 43.Bxg5 hxg5
44.Nd8 Kf5 45.Nxb7 g4 46.h3 gxh3+ 47.Kxh3 e5 48.Kg2 e4 49.Kf2 Be7 50.Ke2 Bf8
51.c5 Ke5 52.g4 Bh6 53.Nd6 Kd5 54.b4 Bc1 55.Kd1 Bf4 56.Kc2 Bxd6 57.cxd6 Kxd6
58.Kd2 Kd5 59.Ke2 Kd4 60.Kf2 Kd5 61.Ke2 Kd4 62.Kd2 Kd5 63.Ke3 Ke5 64.g5 Kf5
65.g6 Kxg6 66.Kxe4 Kf6 67.Kd4 Ke6 68.Ke4  1/2-1/2

[Event "14th HZ Open"]
[Site "Vlissingen NED"]
[Date "2010.08.12"]
[Round "7"]
[White "Zaragatski,I"]
[Black "Haslinger,S"]
[Result "1-0"]
[WhiteElo "2472"]
[BlackElo "2552"]

1.Nf3 d5 2.g3 Bg4 3.Bg2 Nd7 4.c4 e6 5.cxd5 exd5 6.O-O c6 7.d3 Bd6 8.Qc2 Ne7
9.e4 O-O 10.Nc3 Nc5 11.h3 Bh5 12.g4 Bg6 13.Nh4 dxe4 14.dxe4 Nd3 15.Be3 Nf4
16.Rfd1 Qc7 17.Bf1 Rfe8 18.Rd2 Ned5 19.Nb5 Nxe3 20.Nxc7 Nxc2 21.Nxe8 Nxa1
22.Nxd6 Rd8 23.e5 f6 24.e6 Kf8 25.e7+ Kxe7 26.Ndf5+ Bxf5 27.Nxf5+ Ke8 28.Nxg7+ Ke7
29.Nf5+ Ke8 30.Ng7+ Ke7 31.Nf5+ Ke8 32.Rxd8+ Kxd8 33.Ne3 Ke7 34.Kh2 b5 35.Kg3 Ng6
36.Bd3 a5 37.h4 a4 38.h5 Nf8 39.f4 b4 40.g5 fxg5 41.fxg5 a3 42.bxa3 b3 43.axb3 Nxb3
44.a4 Nc5 45.Bc2 Ke6 46.a5 Kf7 47.Kg4 Ke6 48.Bf5+ Ke7 49.Nc4 Na6 50.Bc8 Nc7
51.a6 Nfe6 52.a7 Nc5 53.Nb6 Ne4 54.Bf5 Nd6 55.Bxh7 Ndb5 56.a8=Q Nxa8 57.Nxa8 c5
58.Nb6 Nd6 59.Bd3 Kf7 60.h6 Kg8 61.Nc4 Nf7 62.Kf5 Kh8 63.Kf6 Kg8 64.Ne5  1-0

[Event "Troya Open"]
[Site "Canakkale TUR"]
[Date "2010.08.13"]
[Round "7"]
[White "Annaberdiev,M"]
[Black "Ozkan,E"]
[Result "1-0"]
[WhiteElo "2476"]
[BlackElo "2221"]

1.Nf3 d5 2.g3 c6 3.Bg2 Bf5 4.d3 Nf6 5.O-O e6 6.Nc3 h6 7.Nd2 Nbd7 8.e4 Bh7
9.Qe2 dxe4 10.dxe4 Be7 11.a4 O-O 12.Nc4 Qc7 13.Kh1 b6 14.Bf4 e5 15.Bd2 Ne8
16.f4 Bf6 17.Rad1 Nd6 18.Nxd6 Qxd6 19.Qg4 Qe7 20.b4 exf4 21.gxf4 Bxc3 22.Bxc3 Nf6
23.Bxf6 Qxf6 24.e5 Qf5 25.Qxf5 Bxf5 26.b5 Bxc2 27.Rc1 Bxa4 28.bxc6 Rac8 29.c7 Bd7
30.Rfd1 Bf5 31.Rd6 g6 32.Kg1 Kg7 33.h4 Rce8 34.h5 f6 35.Ra1 a5 36.e6 Bxe6
37.hxg6 Bc8 38.Rxb6 Kxg6 39.Rb8 Re7 40.Rc1 Kg7 41.Ra8 a4 42.Rxa4 Rff7 43.Ra8 Rxc7
44.Rxc8 Rxc1+ 45.Rxc1 Kg6 46.Kf2 Ra7 47.Be4+ Kg7 48.Rb1  1-0

[Event "Twente Young Masters"]
[Site "Enschede NED"]
[Date "2010.08.13"]
[Round "7"]
[White "Van Assendelft,F"]
[Black "Kleijn,C"]
[Result "1-0"]
[WhiteElo "2374"]
[BlackElo "2424"]

1.Nf3 d5 2.g3 c6 3.Bg2 Nf6 4.O-O Bf5 5.d3 e6 6.c4 Be7 7.cxd5 cxd5 8.h3 Nc6
9.Nh4 Bg6 10.Nxg6 hxg6 11.e4 Bc5 12.Nc3 dxe4 13.dxe4 Qc7 14.Bf4 Qe7 15.Nd5 Nxd5
16.exd5 Nd4 17.Rc1 O-O 18.Re1 Bb6 19.Re4 g5 20.Be3 Nf5 21.Bxb6 axb6 22.dxe6 Rad8
23.Qb3 Rd2 24.Qxb6 Nd6 25.Qb4 Rd3 26.Bf1 Rd5 27.Bc4 Rc8 28.Rce1 f5 29.Bxd5 fxe4
30.Rxe4 Rc2 31.Re3  1-0

[Event "Open"]
[Site "Geraardsbergen BEL"]
[Date "2010.08.13"]
[Round "5"]
[White "Verlinden,R"]
[Black "Saligo,Lu"]
[Result "0-1"]
[WhiteElo "1950"]
[BlackElo "2128"]

1.Nf3 d5 2.g3 Bg4 3.Bg2 Nd7 4.c4 e6 5.cxd5 exd5 6.Qb3 Bxf3 7.Bxf3 Nb6 8.a4 a5
9.Nc3 Nf6 10.d3 Be7 11.Bf4 c6 12.O-O O-O 13.Rac1 Nfd7 14.e4 Nc5 15.Qc2 Ne6
16.Ne2 Nxf4 17.Nxf4 Bg5 18.Qb3 Ra6 19.exd5 cxd5 20.Rc5 Bxf4 21.gxf4 Qd6 22.Rb5 Qxf4
23.Bg2 Nc8 24.Qxd5 Rg6 25.Rxb7 h5 26.Qe4 Qf6 27.Rc7 Nd6 28.Qd5 Rg5 29.Qc6 Rd8
30.Re1 h4 31.h3 Qf5 32.Re3 Rg6 33.Rce7 Qg5 34.Kf1 Nf5 35.Re8+ Kh7 36.Qe4 Nxe3+  0-1

[Event "ch-SLO"]
[Site "Ljubljana SLO"]
[Date "2010.08.13"]
[Round "7"]
[White "Srebrnic,M"]
[Black "Crepan,M"]
[Result "1/2-1/2"]
[WhiteElo "2331"]
[BlackElo "2317"]

1.Nf3 d5 2.g3 Nf6 3.Bg2 c6 4.O-O Bf5 5.b3 e6 6.Bb2 Nbd7 7.d3 h6 8.Nbd2 Be7
9.e4 Bg6 10.e5 Nh7 11.Nd4 Qb6 12.Ne2 Nhf8 13.d4 Bf5 14.Qc1 g5 15.c4 h5 16.Nc3 Qd8
17.Ba3 Nb6 18.Re1 h4 19.Bd6 g4 20.Nd1 hxg3 21.hxg3 Bg5 22.Ne3 Bxe3 23.fxe3 Nc8
24.Ba3 Nh7 25.e4 dxe4 26.Qc3 Ng5 27.Nxe4 Bxe4 28.Bxe4 Ne7 29.Kg2 Rh3 30.Bc1 Nf5
31.Bxf5 exf5 32.Bxg5 Qxg5 33.Rh1 O-O-O 34.Rxh3 gxh3+ 35.Kh2 f4 36.Rg1 fxg3+
37.Rxg3 Qf4 38.d5 Re8 39.Qe3 Qxe5 40.Qxe5 Rxe5 41.dxc6 bxc6 42.Kxh3 Rf5 43.Re3 Kd7
44.Kg3 a5 45.Rd3+ Kc7 46.a3 Rf1 47.b4 Kb6 48.Rf3 Rc1 49.bxa5+ Kxa5 50.Rxf7 Rxc4
51.Kf3 Rd4 52.Ke3 c5 53.Rc7 Kb5 54.Rb7+ Kc4 55.Rc7 Rd3+ 56.Ke2 Rd5 57.Rc8 Kc3
58.a4 c4 59.Ra8 Kb3 60.a5 c3 61.a6 Kc2 62.a7 Re5+ 63.Kf2 Ra5 64.Ke2 Ra3 65.Ke1 Ra2
66.Kf1 Ra6 67.Ke2 Re6+ 68.Kf2 Re7 69.Kf3 Rc7 70.Ke2 Kc1 71.Ke1 Re7+ 72.Kf2 Rc7
73.Kf3 c2 74.Ke2 Re7+ 75.Kf3 Rb7 76.Ke2 Rf7 77.Ke1 Re7+ 78.Kf2 Rb7 79.Ke2 Re7+
80.Kf2 Rh7 81.Ke2 Rg7 82.Ke1 Rf7 83.Ke2 Rc7 84.Kf2 Re7 85.Kf3 Rb7 86.Ke2  1/2-1/2

[Event "7th CHN-RUS Rapid"]
[Site "Ningbo CHN"]
[Date "2010.08.13"]
[Round "11"]
[White "Zhou Jianchao"]
[Black "Vitiugov,N"]
[Result "0-1"]
[WhiteElo "2668"]
[BlackElo "2722"]

1.Nf3 d5 2.g3 c6 3.Bg2 Bf5 4.O-O e6 5.d3 h6 6.Nbd2 Nf6 7.Qe1 Be7 8.e4 Bh7
9.Nh4 O-O 10.h3 a5 11.f4 Na6 12.e5 Nd7 13.a3 Bxh4 14.gxh4 b5 15.h5 Nb6 16.Nf3 Nc8
17.f5 Bxf5 18.Bd2 a4 19.Qg3 Kh8 20.Kh1 Ne7 21.Rf2 c5 22.Nh4 b4 23.Rg1 Rg8
24.Bf3 bxa3 25.bxa3 Nc7 26.Bg4 Qd7 27.Rgf1 Rab8 28.Nxf5 Nxf5 29.Bxf5 exf5
30.Rxf5 Rb1 31.Qg4 Rxf1+ 32.Rxf1 Ne6 33.Qf5 Rb8 34.Kh2 Qe7 35.Qf3 Rb2 36.Qxd5 Rxc2
37.Rf2 Qh4 38.Qg2 Qxh5 39.Qg3 Kh7 40.Qe3 Nd4 41.Kg2 Ra2  0-1

[Event "8th Gyorgy Marx GM"]
[Site "Paks HUN"]
[Date "2010.08.13"]
[Round "7"]
[White "Almasi,Z"]
[Black "Robson,R"]
[Result "1-0"]
[WhiteElo "2717"]
[BlackElo "2562"]

1.Nf3 d5 2.g3 c6 3.Bg2 Bg4 4.c4 Nd7 5.cxd5 cxd5 6.Nc3 e6 7.Qb3 Qb6 8.Qxb6 axb6
9.Nd4 Ngf6 10.Ndb5 Rc8 11.d4 Be7 12.Bf4 O-O 13.f3 Bh5 14.O-O Ne8 15.e4 dxe4
16.fxe4 e5 17.Nd5 Bc5 18.dxc5 Rxc5 19.Bd2 Rxb5 20.Ne7+ Kh8 21.b4 Nd6 22.a4 Re8
23.Nf5 Nc4 24.Bc3  1-0

[Event "Ramadan Master Open"]
[Site "Abu Dhabi UAE"]
[Date "2010.08.14"]
[Round "3"]
[White "AlHuwar,J"]
[Black "Guliev,Sarh"]
[Result "1/2-1/2"]
[WhiteElo "2311"]
[BlackElo "2485"]

1.Nf3 d5 2.g3 c5 3.Bg2 Nc6 4.d4 Nf6 5.O-O e6 6.c4 h6 7.Nc3 cxd4 8.Nxd4 Be7
9.cxd5 exd5 10.e4 Nxd4 11.Qxd4 dxe4 12.Qxd8+ Bxd8 13.Nxe4 Nxe4 14.Bxe4 Bf6
15.Rb1 O-O 16.Re1  1/2-1/2

[Event "Troya Open"]
[Site "Canakkale TUR"]
[Date "2010.08.14"]
[Round "8"]
[White "Maghalashvili,Da"]
[Black "Ali Marandi,C"]
[Result "1/2-1/2"]
[WhiteElo "2465"]
[BlackElo "2149"]

1.Nf3 d5 2.g3 Bg4 3.Bg2 Nd7 4.c4 c6 5.cxd5 cxd5 6.Qa4 Nf6 7.Ne5 Qc7 8.Nd3 Bf5
9.O-O Bxd3 10.exd3 e6 11.Nc3 Bc5 12.d4 Be7 13.d3 O-O 14.Qb3 Nb8 15.Bf4 Qd7
16.Bxb8 Raxb8 17.Rac1 b5 18.Ne2 a5 19.Qc3 Bb4 20.Qc7 Rfc8 21.Qxd7 Nxd7 22.Rfd1 Nb6
23.a3 Be7 24.f4 Na4 25.Rd2 b4 26.axb4 axb4 27.Ra1 Ra8 28.Nc1 Nxb2 29.Rxa8 Rxa8
30.Nb3 Na4 31.Ra2 Nb6 32.Rxa8+ Nxa8 33.f5 Nc7 34.fxe6 fxe6 35.Kf2 Nb5 36.Ke3 Kf7
37.Bh3 Bg5+ 38.Ke2 Bf6 39.Ke3 Ke7 40.Bg2 Kd6 41.Bh3 Bd8 42.Bg4 Bb6 43.h4 Nxd4
44.Nxd4 b3 45.Bd1 b2 46.Bc2 e5 47.g4 Bxd4+ 48.Kf3 Kc5 49.Bb1 Bc3 50.Ke3 Kd6
51.Ke2 Ke6 52.Ba2 h5 53.gxh5 Kf5 54.Kf3 Be1 55.Ke2 Ba5 56.Kd1 Kg4 57.Kc2 Kxh5
58.Kxb2 Kxh4 59.Bxd5 Kg3 60.Kc2 g5 61.Kd1 Kf2 62.Be6 Kf3 63.Bd5+ Ke3 64.Be6 Kxd3
65.Bg4 e4 66.Bh5 Ke3 67.Be2 Kf4 68.Bf1 Kg3 69.Bb5 Kf2 70.Be2 Bc7 71.Bh5 Bf4
72.Be2 Be3 73.Bh5 Bc5 74.Be2 Bb4 75.Bh5 e3 76.Be2 Kg3 77.Bb5 Kf3 78.Be2+ Kf4
79.Bh5 Ke5  1/2-1/2

[Event "XI Miquel Mas Open"]
[Site "Figueres ESP"]
[Date "2010.08.14"]
[Round "5"]
[White "Sorroche Martin,J"]
[Black "Carlstedt,J"]
[Result "1-0"]
[WhiteElo "2147"]
[BlackElo "2379"]

1.Nf3 d5 2.g3 e6 3.Bg2 Nf6 4.O-O Be7 5.d3 O-O 6.Nbd2 b5 7.c4 bxc4 8.dxc4 Bb7
9.Qb3 Qc8 10.Ne5 Na6 11.Nd3 Rb8 12.Qc2 c5 13.cxd5 exd5 14.Nf3 Ba8 15.Bf4 Rb6
16.b3 c4 17.bxc4 dxc4 18.Nde5 c3 19.Nd4 Bxg2 20.Kxg2 Rb2 21.Qd3 Nb4 22.Qf3 Nfd5
23.a3 Nxf4+ 24.gxf4 Rd8 25.axb4 Rxd4 26.Nc6 Rd7 27.Qxc3 Kf8 28.Rac1 Rxe2
29.Qf3 Re6 30.Nxe7 Qa6 31.Nf5 g6 32.Ne3 h5 33.Rfd1 Red6 34.Rxd6 Rxd6 35.Qa8+ Kg7
36.Qe4 Re6 37.Qd4+ Kh7 38.Rc7 Rf6 39.b5 Qe6 40.Rc6  1-0

[Event "Open"]
[Site "Geraardsbergen BEL"]
[Date "2010.08.14"]
[Round "7"]
[White "Jansen,Ru"]
[Black "Denijs,A"]
[Result "1-0"]
[WhiteElo "2160"]
[BlackElo "2278"]

1.Nf3 d5 2.g3 c5 3.Bg2 Nc6 4.d4 e6 5.O-O Nf6 6.c4 Be7 7.cxd5 Nxd5 8.Nc3 Nxc3
9.bxc3 O-O 10.Rb1 cxd4 11.cxd4 Qa5 12.Qb3 Rd8 13.Bd2 Qh5 14.Bc3 Rb8 15.Rbc1 Bf6
16.Rfd1 Na5 17.Bxa5 Qxa5 18.Rc5 Qa6 19.e3 Bd7 20.Rdc1 Qd6 21.Nd2 Rdc8 22.Ne4 Rxc5
23.Rxc5 Qa6 24.Rc7 Rc8 25.Nxf6+ gxf6 26.Bxb7 Qd6 27.Rxc8+ Bxc8 28.Bxc8 Qc6
29.Bb7  1-0

[Event "25th Open"]
[Site "Teteven BUL"]
[Date "2010.08.14"]
[Round "1"]
[White "Janev,T"]
[Black "Stefanov,K"]
[Result "1-0"]
[WhiteElo "2330"]
[BlackElo "2397"]

1.Nf3 d5 2.g3 e6 3.c4 c6 4.Qc2 f5 5.Bg2 Nf6 6.O-O Be7 7.b3 O-O 8.Bb2 Qe8
9.d3 Nbd7 10.Nc3 Qh5 11.e3 Bc5 12.Ne2 Bd6 13.Nf4 Bxf4 14.exf4 b6 15.Rfe1 Re8
16.Nd4 Nb8 17.c5 Bd7 18.b4 e5 19.Rxe5 Rxe5 20.fxe5 Ng4 21.Nf3 Na6 22.Qc3 Qg6
23.h3 Nh6 24.Re1 Re8 25.e6 Rxe6 26.Rxe6 Bxe6 27.Ne5 Qf6 28.cxb6 axb6 29.Qxc6 Nxb4
30.Qe8+  1-0

[Event "25th Open"]
[Site "Teteven BUL"]
[Date "2010.08.14"]
[Round "1"]
[White "Bochev,K"]
[Black "Miteva,S"]
[Result "1-0"]
[WhiteElo "2126"]
[BlackElo "1653"]

1.Nf3 d5 2.g3 Nf6 3.Bg2 e6 4.O-O Be7 5.c4 c6 6.b3 Nbd7 7.d4 O-O 8.Qc2 Ne4
9.Bb2 f5 10.Nbd2 Ndf6 11.Ne5 Nxd2 12.Qxd2 Ne4 13.Qc2 Bf6 14.Nd3 dxc4 15.Bxe4 cxd3
16.Bxd3 Bxd4 17.Rad1 Bxb2 18.Qxb2 Qf6 19.Qxf6 Rxf6 20.f4 b6 21.e4 Bb7 22.e5 Rg6
23.Bc4 b5 24.Be2 Rb8 25.Rd7 c5 26.Bxb5 Bd5 27.Be2 Rb7 28.Rxb7 Bxb7 29.Rc1 Rh6
30.Rxc5 g5 31.fxg5 Rg6 32.Bc4 Rxg5 33.Bxe6+ Kf8 34.Rc7 Bf3 35.Rf7+ Ke8 36.Rxf5 Rxf5
37.Bxf5 h6 38.Kf2 Bc6 39.Ke3  1-0

[Event "Ramadan Master Open"]
[Site "Abu Dhabi UAE"]
[Date "2010.08.15"]
[Round "4"]
[White "Gabuzyan,H"]
[Black "AlHuwar,J"]
[Result "1/2-1/2"]
[WhiteElo "2261"]
[BlackElo "2311"]

1.Nf3 d5 2.g3 Nc6 3.d4 Bg4 4.Bg2 Qd7 5.h3 Bf5 6.c4 dxc4 7.Nc3 Nf6 8.d5 Nb4
9.g4 Bc2 10.Qd2 Bg6 11.Ne5 Qd6 12.Nxg6 hxg6 13.Nb5 Qc5 14.Nxc7+ Qxc7 15.Qxb4 O-O-O
16.Qa4 a6 17.d6 exd6 18.Bf4 Qc5 19.Be3 Qb5 20.Qxb5 axb5 21.g5 Nd7 22.Bd5 f6
23.a4 Kc7 24.axb5 Nb6 25.Bf7 Rd7 26.Bxg6 d5 27.gxf6 Bb4+ 28.Kf1 gxf6 29.Bd4 Bd6
30.Bf5 Rf7 31.Be6 Rff8 32.h4 Be5 33.e3 Bxd4 34.exd4 f5 35.Re1 Kd6 36.Rg1 Rf6
37.Bg8 Rxh4 38.Rg7 Rxd4 39.Rxb7 Kc5 40.Ra1 Rd2  1/2-1/2

[Event "Open"]
[Site "Geraardsbergen BEL"]
[Date "2010.08.15"]
[Round "9"]
[White "Verlinden,R"]
[Black "Achtergaele,K"]
[Result "0-1"]
[WhiteElo "1950"]
[BlackElo "2004"]

1.Nf3 d5 2.g3 Nf6 3.Bg2 e6 4.O-O Be7 5.d3 c5 6.Nbd2 d4 7.Nc4 Nc6 8.c3 Nd5
9.Qb3 O-O 10.Bd2 a6 11.a4 Bd6 12.e4 dxe3 13.fxe3 Na5 14.Nxa5 Qxa5 15.e4 Qb6
16.Qc2 Ne7 17.e5 Bb8 18.Kh1 Bd7 19.Rae1 Ba7 20.Be3 Qc7 21.Bg1 Bc6 22.Ng5 Bxg2+
23.Qxg2 Qc6 24.Ne4 Rac8 25.b3 Ng6 26.Nd6 Qxg2+ 27.Kxg2 Rc7 28.h4 Ne7 29.Be3 Nc8
30.Ne4 Rd8 31.Rd1 h6 32.g4 Rcd7 33.Nf2 Ne7 34.Bf4 Nd5 35.Bd2 Bb8 36.Rde1 Ne7
37.h5 Nc6 38.Bf4 f6 39.Ne4 fxe5 40.Nxc5 exf4 41.Nxd7 Rxd7 42.Rxe6 Re7 43.Rfe1 Rxe6
44.Rxe6 Kf7 45.Re4 Kf6 46.d4 Na5 47.Re8 Bd6 48.d5 Be7 49.Rb8 Bd6 50.Re8 Kf7
51.Re6 Bc7 52.b4 Nc4 53.b5 axb5 54.axb5 Ne3+ 55.Kf3 Nxd5 56.Re4 Nxc3 57.Rb4 Nd5
58.Rb3 Ke6 59.Ke4 Nf6+ 60.Kf3 Bd6 61.Rb2 Nd7 62.Re2+ Kf6 63.Re8 Kf7 64.Rd8 Ke7
65.Rg8 Be5 66.Ke4 Nf6+ 67.Kxe5 Nxg8 68.Kxf4 Kf6  0-1

[Event "28th WJun Girls"]
[Site "Chotowa POL"]
[Date "2010.08.16"]
[Round "13"]
[White "Toth,Sar"]
[Black "Forestier,C"]
[Result "1-0"]
[WhiteElo "2207"]
[BlackElo "2103"]

1.Nf3 d5 2.g3 Nf6 3.c4 c6 4.Bg2 Bf5 5.cxd5 cxd5 6.Qb3 Qc8 7.Nc3 e6 8.d3 Be7
9.Bf4 O-O 10.Rc1 Nc6 11.O-O Qd7 12.e4 dxe4 13.dxe4 Nxe4 14.Nxe4 Bxe4 15.Ne5 Nxe5
16.Bxe4 Bf6 17.Rfd1 Qe7 18.Qb5 a6 19.Qa5 b6 20.Qxb6 Rab8 21.Qxa6 Rxb2 22.Be3 Qb4
23.Bg2 Qb5 24.Qxb5 Rxb5 25.Rc7 Rfb8 26.Ba7 Rb1 27.Rc8+ Rxc8 28.Rxb1 g6 29.Rb8 Rxb8
30.Bxb8 Kf8 31.a4 Nc4 32.Bf1 Na5 33.Bc7 Bc3 34.Bb5 Ke7 35.Kf1 e5 36.f3 Ke6
37.Ke2 Kd5 38.Kd3 Be1 39.Be8 Ke6 40.f4 exf4 41.Bxf4 f6 42.Be3 Ke7 43.Bb5 Ke6
44.Bd4 f5 45.Bc3 Bxc3 46.Kxc3 Kd6 47.Kb4 Nb7 48.Be2 Kc7 49.Bf3 Nd6 50.Kc5 Nc8
51.a5 Kb8 52.Kd5 Ka7 53.Be2 g5 54.Ke6 f4 55.g4 h6 56.h3 Kb8 57.Kf6 Nd6 58.Kg6 Ne4
59.Kxh6 Ka7 60.Kg6 Nf2 61.Bf1 Ne4 62.Bg2 Nd2 63.Kxg5 f3 64.Bxf3 Nxf3+ 65.Kf6 Nd2
66.h4 Ka6 67.h5 Ne4+ 68.Kg6  1-0

[Event "8th Gyorgy Marx GM"]
[Site "Paks HUN"]
[Date "2010.08.16"]
[Round "10"]
[White "Laznicka,V"]
[Black "Robson,R"]
[Result "1-0"]
[WhiteElo "2638"]
[BlackElo "2562"]

1.Nf3 d5 2.g3 c6 3.Bg2 Bg4 4.c4 Nd7 5.cxd5 cxd5 6.Nc3 e6 7.Qb3 Bxf3 8.Bxf3 Qb6
9.Qxb6 Nxb6 10.O-O Nf6 11.d3 Bd6 12.Be3 Be5 13.Bc5 Kd7 14.Rfd1 Rhc8 15.d4 Bd6
16.b4 Bc7 17.Rac1 g6 18.e3 h5 19.Kg2 Bd8 20.a4 Nc4 21.e4 dxe4 22.Nxe4 Nxe4
23.Bxe4 Nd6 24.Bf3 Rab8 25.Bxa7 Rxc1 26.Bxb8 Rc4 27.Rb1 b6 28.d5 e5 29.Be2 Rc8
30.Bxd6 Kxd6 31.Bb5 Rc2 32.Be8 Ke7 33.Bc6 Rc4 34.Kf3 Kd6 35.h4 Rc3+ 36.Ke2 Rc2+
37.Ke3 Rc3+ 38.Kd2 Rf3 39.Ke2 e4 40.Rc1 Rb3 41.Rc4 f5 42.Bb7 Rb2+ 43.Kf1 Bf6
44.Rc6+ Ke7 45.d6+ Kf7 46.Rxb6 Bd4 47.Bd5+ Ke8 48.Bc6+ Kf7 49.Rb7+ Ke6 50.d7 Rxf2+
51.Ke1 e3 52.d8=N+ Ke5 53.Re7+ Kf6 54.Re6+ Kg7 55.Nb7 Kf7 56.Re8 Bc3+ 57.Kd1 Rd2+
58.Kc1 Rf2 59.Bb5 Bxb4 60.a5 Ba3+ 61.Kd1 Rd2+ 62.Ke1 Bb4 63.Kf1 Rf2+ 64.Kg1 Be7
65.a6 Ra2 66.Bc4+ Kxe8 67.Bxa2 Bd8 68.Nxd8  1-0

[Event "XI Miquel Mas Open"]
[Site "Figueres ESP"]
[Date "2010.08.17"]
[Round "8"]
[White "Anikaev,Y"]
[Black "Huerga Leache,M"]
[Result "1-0"]
[WhiteElo "2411"]
[BlackElo "2424"]

1.Nf3 d5 2.g3 Bg4 3.Bg2 Nd7 4.d3 Ngf6 5.Nbd2 e5 6.e4 dxe4 7.dxe4 Bc5 8.h3 Bh5
9.O-O O-O 10.c3 a5 11.a4 c6 12.Qc2 Qc7 13.Nc4 Rfd8 14.Nh4 Ne8 15.Bf3 Bxf3
16.Nxf3 Nd6 17.Qe2 Re8 18.Kg2 Nxc4 19.Qxc4 Qd6 20.Qb3 Qe6 21.Nd2 Qxb3 22.Nxb3 Red8
23.Rd1 Bb6 24.Kf3 Nc5 25.Rxd8+ Rxd8 26.Nxc5 Bxc5 27.Ke2 Kf8 28.f3 Ke7 29.Bd2 Ke6
30.Rc1 Ra8 31.Rd1 Bb6 32.Be1 Rd8 33.Rxd8 Bxd8 34.Bf2 Kd6 35.Kd3 h5 36.Kc4 Kc7
37.Bc5 h4 38.g4 g5 39.Bf8 Kd7 40.b4 axb4 41.cxb4 b6 42.b5 c5 43.a5 bxa5 44.Bxc5 f6
45.Kb3  1-0

[Event "Pan-Armenian Olym"]
[Site "Yerevan ARM"]
[Date "2010.08.17"]
[Round "3"]
[White "Mirumian,V"]
[Black "Kotanjian,T"]
[Result "1-0"]
[WhiteElo "2504"]
[BlackElo "2551"]

1.Nf3 d5 2.g3 Bg4 3.Bg2 Nd7 4.O-O e6 5.d3 Bd6 6.Nbd2 Ne7 7.h3 Bh5 8.e4 c6
9.Re1 O-O 10.Nf1 Qc7 11.Qe2 Rae8 12.g4 dxe4 13.dxe4 Bg6 14.e5 Bc5 15.h4 f5
16.exf6 Nxf6 17.h5 Be4 18.N1d2 Bxf3 19.Nxf3 Ned5 20.Qc4 Nd7 21.Re2 b5 22.Qd3 N7f6
23.c4 Nb4 24.Qb3 Nxg4 25.a3 Na6 26.cxb5 cxb5 27.Bg5 Qb6 28.Bh4 Nc7 29.Rae1 Kh8
30.Bh3 Nh6 31.Qd3 Nf7 32.h6 Nxh6 33.Ng5 Nf5 34.Bxf5 exf5 35.Rxe8 Nxe8 36.Ne6 Rg8
37.Qxf5 Bd4 38.Bd8 Qb8 39.Ng5 g6 40.Re7  1-0

[Event "Ramadan Master Open"]
[Site "Abu Dhabi UAE"]
[Date "2010.08.18"]
[Round "7"]
[White "Ibrahim,I UAE"]
[Black "Khouri,I"]
[Result "0-1"]
[WhiteElo "2157"]
[BlackElo "2208"]

1.Nf3 d5 2.g3 Nc6 3.c4 d4 4.Bg2 e5 5.d3 f5 6.O-O Nf6 7.b4 e4 8.dxe4 fxe4
9.Ng5 Bf5 10.b5 Ne5 11.Nd2 Qd7 12.Ngxe4 Nxe4 13.Nxe4 Bh3 14.e3 Bxg2 15.Qh5+ Ng6
16.Kxg2 O-O-O 17.exd4 Qxd4 18.Qf5+ Kb8 19.Be3 Qxc4 20.Rfd1 Be7 21.Rac1 Qa4
22.Rxd8+ Rxd8 23.Nc3 Qc4 24.b6 cxb6 25.Nb5 Qd5+ 26.Qxd5 Rxd5 27.a4 Bc5 28.Re1 Re5
29.Rd1 Re8 30.Rd7 Bxe3 31.fxe3 a6 32.Nd4 Re7 33.Rd8+ Kc7 34.Rg8 Rxe3 35.Rxg7+ Re7
36.Rg8 Rd7 37.Nf5 Ne7 38.Nxe7 Rxe7 39.h4 Kc6 40.h5 b5 41.axb5+ Kxb5 42.g4 h6
43.Rg6 Rh7 44.Kf2 a5 45.Ke2 Kc4 46.Rb6 Kc5 47.Rb1 b5 48.Rc1+ Kd4 49.Rb1 b4
50.Ra1 Ra7 51.g5 hxg5 52.h6 Kc3 53.h7 Rxh7 54.Rxa5 Rg7 55.Rc5+ Kd4 56.Rc1 g4
57.Kf2 b3 58.Rc8 Rb7  0-1